000 01234nam a2200289Ia 4500
999 _c19912
_d19912
001 20311
003 DO-CoUTE
005 20260204212520.0
008 220102s9999 dr 000 0 spa d
040 _aDO-CoUTE
_bspa
_cDO-CoUTE
041 0 _aspa
090 _aBIO 2020 B17
100 1 _aBastista Durán, Wildania
_esustentante
245 1 0 _aLa cándida SP en la boca de pacientes con diabetes mellitus tipo II / Wildania Bastista Durán, Paula Josefina Trinidad García, Mairelys Del Carmen Sánchez Graciano ; asesor Auridy Pérez Reyes
260 _aCotuí, República Dominicana :
_b UTECO
_c2020
300 _a76 hojas :
_bIlustraciones ;
_c28cm.
502 _aTrabajo de grado (Licenciatura en Bioanálisis) --Universidad Tecnológica del Cibao Oriental, 2020
504 _aIncluye referencia bibliográfica e índice
650 4 _aCándida SP
700 1 _aMairelys Del Carmen Sánchez Graciano
_esustentante
700 1 _aPaula Josefina Trinidad García
_esustentante
700 1 _aPérez Reyes, Auridy
_easesor
830 0 _aTesis y disertaciones académicas (Universidad Tecnológica del Cibao Oriental)
942 _2LC
_cTH